Statistics for Titan Quiz - Famous Faces

Click here to take the quiz!

General Stats

  • This quiz has been taken 10 times
  • The average score is 8 of 16

Answer Stats

Answer% Correct
Mark Zuckerberg
100%
Nelson Mandela
100%
Abraham Lincoln
89%
Meryl Streep
89%
Daniel Radcliffe
78%
Elizabeth Taylor
67%
Robert De Niro
67%
David Beckham
56%
Cardi b
44%
Ed O’Neill
33%
Kelsey Grammer
33%
Luke Perry
33%
Sally Field
33%
Kristen Bell
11%
Don Adams
0%
Richard Dean Anderson
0%

Score Distribution

Percentile by Number Answered

Percent of People with Each Score

Your Score History

You have not taken this quiz